Guía de frutos y semillas de la cuenca media del río Otún / (Registro nro. 4380)

Detalles MARC
000 -CABECERA
Campo de control 01357nam a2200313 i 4500
005 - FECHA Y HORA DE LA ULTIMA TRANSACCION
Campo de control 20160206165820.0
008 - ELEMENTOS DE LONGITUD FIJA—INFORMACION GENERAL
Campo de control 061205s2004 ck ao fr 00010dspa d
015 ## - NATIONAL BIBLIOGRAPHY NUMBER
National bibliography number ck-2004-xxxx
020 ## - ISBN
ISBN 9583371076
040 ## - FUENTE DE CATALOGACIÓN
Agencia catalogadora original CO-BoBLA
Agencia transcriptora CO-BoBLA
041 0# - IDIOMA
Código de idioma para texto/pista de sonido o título separado Español
043 ## - GEOGRAPHIC AREA CODE
Geographic area code s-ck---
082 04 - NUMERO DE CLASIFICACION DECIMAL DEWEY
Número de clasificación 581.464
Número del ítem R58g
100 1# - ASIENTO PRINCIPAL--NOMBRE PERSONAL
Nombre personal Rios R., Margarita
9 (RLIN) 21900
245 10 - MENCION DE TITULO
Título Guía de frutos y semillas de la cuenca media del río Otún /
Mención de responsabilidad Margarita Rios R., Paula Giraldo R. y Darío Correa Q.
260 3# - PUBLICACION, DISTRIBUCION, ETC. (PIE DE IMPRENTA)
Lugar de publicación, distribución, etc. Cali :
Nombre del editor, distribuidor, etc. Fundación EcoAndina, Wildlife Conservation Society,
Fecha de publicación, distribución, etc. 2004.
300 ## - DESCRIPCION FISICA
Extensión 238, [10] páginas :
Otros detalles físicos ilustraciones y fotos ;
Dimensiones 22 cm.
504 ## - NOTA DE BIBLIOGRAFIA, ETC.
Nota de bibliografía Incluye bibliografía.
650 14 - ASIENTO SECUNDARIO DE MATERIA - TERMINO TEMATICO
Término temático o nombre geográfico como elemento de entrada Botánica
Subdivisión geográfica Río Otún - Quimbaya (Risaralda, Colombia)
9 (RLIN) 57762
650 24 - ASIENTO SECUNDARIO DE MATERIA - TERMINO TEMATICO
Término temático o nombre geográfico como elemento de entrada Plantas
Subdivisión general Clasificación
Subdivisión geográfica Río Otún - Quimbaya (Risaralda, Colombia)
9 (RLIN) 57763
650 24 - ASIENTO SECUNDARIO DE MATERIA - TERMINO TEMATICO
Término temático o nombre geográfico como elemento de entrada Taxonomía vegetal
Subdivisión geográfica Río Otún - Quimbaya (Risaralda, Colombia)
9 (RLIN) 57764
650 24 - ASIENTO SECUNDARIO DE MATERIA - TERMINO TEMATICO
Término temático o nombre geográfico como elemento de entrada Diversidad biológica
Subdivisión geográfica Río Otún - Quimbaya (Risaralda, Colombia)
9 (RLIN) 57765
650 24 - ASIENTO SECUNDARIO DE MATERIA - TERMINO TEMATICO
Término temático o nombre geográfico como elemento de entrada Frutas
Subdivisión geográfica Río Otún - Quimbaya (Risaralda, Colombia)
9 (RLIN) 57766
650 24 - ASIENTO SECUNDARIO DE MATERIA - TERMINO TEMATICO
Término temático o nombre geográfico como elemento de entrada Semillas
Subdivisión geográfica Río Otún - Quimbaya (Risaralda, Colombia)
Subdivisión general Clasificación
9 (RLIN) 57767
700 1# - ASIENTO SECUNDARIO - NOMBRE PERSONAL
Nombre personal Giraldo R., Paula.,
Término de relación autora.
9 (RLIN) 21901
700 1# - ASIENTO SECUNDARIO - NOMBRE PERSONAL
Nombre personal Correa Q., Darío,
Término de relación autor.
9 (RLIN) 21902
942 ## - ELEMENTOS ADICIONALES (KOHA)
Sistema de clasificación Dewey Decimal Classification
Tipo de ítem Libro
949 ## - LOCAL PROCESSING INFORMATION (OCLC)
a c
b c
Existencias
Withdrawn status Lost status Sistema de Clasificación Damaged status No para préstamo Colección Inventariado Ubicación Permanente Ubicación actual Fecha de adquisición Fuente de Valor Valor Total Checkouts Total Renewals Número topográfico Inventario / Código de Barras Date last seen Date checked out Ejemplar Price effective from Tipo de material
    Dewey Decimal Classification     General Inventariado 2017 Bogotá Bogotá 06/04/2005 Instituto 15000.00 1 1 LB-581.464 R58g 017727 12/09/2018 14/08/2018 Ej. 1 04/12/2012 Libro